[Event "Rated Blitz game"]
[Site "?"]
[Date "2021.06.01"]
[Round "?"]
[White "benoni1000"]
[Black "DarthZannah"]
[Result "0-1"]
[WhiteElo "2392"]
[BlackElo "2563"]
[PlyCount "64"]
[EventDate "2021.??.??"]
[EventType "blitz"]

1. e4 e5 2. Nf3 d5 3. d4 dxe4 4. Nxe5 Nd7 5. Nxd7 Bxd7 6. Bc4 Bd6 7. Nc3 Nf6 8.
Bg5 O-O 9. O-O Re8 10. Re1 h6 11. Bh4 g5 12. Bg3 Bxg3 13. hxg3 Bf5 14. d5 Qd6
15. Qd4 c6 16. Rad1 c5 17. Qd2 a6 18. a4 Bg6 19. Be2 Rad8 20. Qe3 b6 21. Rd2
Ra8 22. Red1 Nd7 23. Nb1 f5 24. f4 exf3 25. Qxf3 Ne5 26. Qf2 Nd7 27. c4 Nf6 28.
Nc3 Re5 29. Bd3 Rae8 30. Re2 Ng4 31. Qf3 Re3 32. Rxe3 Rxe3 {Normal} 0-1

[Event "Rated Blitz tournament A0OromZW"]
[Site "?"]
[Date "2021.06.01"]
[Round "?"]
[White "laurens97"]
[Black "dr_xStranger"]
[Result "0-1"]
[WhiteElo "2391"]
[BlackElo "2449"]
[PlyCount "102"]
[EventDate "2021.??.??"]
[EventType "blitz"]

1. e4 e5 2. Nf3 d5 3. Nc3 dxe4 4. Nxe4 Nf6 5. Nxf6+ Qxf6 6. d4 e4 7. Ne5 Bd6 8.
Qh5 Nd7 9. Nxd7 Bxd7 10. Bc4 O-O 11. Be3 b5 12. Bb3 a5 13. a3 a4 14. Ba2 b4 15.
axb4 Bxb4+ 16. c3 Bd6 17. O-O a3 18. b4 Qg6 19. Qxg6 hxg6 20. Bd5 c6 21. Bxe4
f5 22. Bb1 Be6 23. Ba2 Rfe8 24. g3 Kf7 25. Bxe6+ Kxe6 26. Ra2 Ra4 27. Rfa1 Rea8
28. Bc1 Kd5 29. Rxa3 Rxa3 30. Rxa3 Rxa3 31. Bxa3 Kc4 32. Kf1 Kxc3 33. Bc1 Bxb4
34. Be3 Kd3 35. Kg2 Bc3 36. Kf3 Bxd4 37. Bc1 c5 38. Kf4 Bf6 39. h3 c4 40. g4
fxg4 41. hxg4 c3 42. Kf3 Kc2 43. Be3 Kd1 44. Ke4 c2 45. f4 c1=Q 46. Bxc1 Kxc1
47. Kd5 Kd2 48. g5 Ke3 49. gxf6 gxf6 50. Ke6 Kxf4 51. Kxf6 g5 {Normal} 0-1

[Event "Rated Blitz game"]
[Site "?"]
[Date "2021.06.01"]
[Round "?"]
[White "bjmdc"]
[Black "pasha1984"]
[Result "1-0"]
[WhiteElo "2428"]
[BlackElo "2344"]
[PlyCount "125"]
[EventDate "2021.??.??"]
[EventType "blitz"]

1. e4 e5 2. Nf3 d5 3. Nxe5 dxe4 4. Nc3 Bd6 5. Nc4 Nf6 6. Nxd6+ Qxd6 7. Bc4 Nc6
8. O-O O-O 9. h3 Bf5 10. b3 Rad8 11. Re1 Nd4 12. Ne2 c5 13. Bb2 a6 14. a4 e3
15. Nxd4 exf2+ 16. Kxf2 cxd4 17. Kg1 Qc5 18. Qf3 Bxc2 19. Rac1 d3+ 20. Kh1 Qc6
21. Qxc6 bxc6 22. Bxf6 gxf6 23. Bxa6 Rfe8 24. Rxe8+ Rxe8 25. Bc4 Re5 26. Ra1
Ra5 27. b4 Rxa4 28. Rxa4 Bxa4 29. Bxd3 h6 30. Kg1 Kf8 31. Kf2 Ke7 32. Ke3 Kd6
33. Kd4 Bb3 34. g3 Be6 35. h4 Bg4 36. Bc4 Bh5 37. Ke3 Ke5 38. d4+ Kd6 39. Kf4
Bg6 40. Bb3 Kd7 41. Ke3 Kd6 42. Kd2 Bh5 43. Kc3 Bg6 44. Bc4 Bh5 45. Kb3 Bg6 46.
Ka4 Bh5 47. Ka5 Bg6 48. Kb6 f5 49. Kb7 f4 50. gxf4 f6 51. Kc8 Be4 52. Kd8 Bf5
53. Ke8 Bg4 54. Kf7 f5 55. Kg6 h5 56. Kg5 Bf3 57. Kxf5 Bg4+ 58. Kg5 Bf3 59. f5
Bg4 60. f6 Kd7 61. Kg6 Ke8 62. Kg7 Be6 63. f7+ {Time forfeit} 1-0

[Event "Rated Blitz game"]
[Site "?"]
[Date "2021.06.01"]
[Round "?"]
[White "KoronaVirusMaster"]
[Black "DarthZannah"]
[Result "0-1"]
[WhiteElo "2449"]
[BlackElo "2569"]
[PlyCount "130"]
[EventDate "2021.??.??"]
[EventType "blitz"]

1. e4 e5 2. Nf3 d5 3. exd5 e4 4. Qe2 Nf6 5. d3 Qxd5 6. Nc3 Bb4 7. Bd2 Bxc3 8.
Bxc3 O-O 9. dxe4 Nxe4 10. Bd4 Re8 11. Be3 Nc6 12. Qc4 Qa5+ 13. c3 Nd6 14. Qb3
Be6 15. Qc2 Nf5 16. Bd3 Nxe3 17. fxe3 Qh5 18. O-O Rad8 19. Rae1 Bxa2 20. Nd4
Bd5 21. Nf5 Ne5 22. Ng3 Qh6 23. Be4 Ng4 24. h3 Nxe3 25. Bxd5 Nxc2 26. Bxf7+ Kh8
27. Bxe8 g6 28. Re2 Ne3 29. Rf3 Rxe8 30. Nf1 Qg5 31. Nxe3 Qc5 32. Kh1 Qb5 33.
Ref2 Kg7 34. Ng4 Re7 35. Nf6 a5 36. Kg1 a4 37. Kh2 Qe5+ 38. g3 Qd6 39. Ng4 a3
40. bxa3 Qxa3 41. Kg2 Qc5 42. Nf6 b5 43. h4 Qc4 44. h5 c5 45. hxg6 hxg6 46. Rf4
Qxc3 47. Nd5 Qe5 48. Nxe7 Qxe7 49. R4f3 c4 50. Rf4 Qc7 51. Re4 b4 52. Rfe2 Kf7
53. Rf4+ Kg7 54. Rfe4 Qc6 55. Kf2 b3 56. Re6 Qc5+ 57. Kg2 c3 58. R2e5 Qc4 59.
Re7+ Kf6 60. Re4 Qc6 61. Kh3 c2 62. Re8 c1=Q 63. Re1 Qh6+ 64. Kg4 Qh5+ 65. Kf4
Qg5# {Normal} 0-1

[Event "Rated Blitz game"]
[Site "?"]
[Date "2021.06.01"]
[Round "?"]
[White "Abo_Ayman"]
[Black "oYHoTANGz76"]
[Result "0-1"]
[WhiteElo "2294"]
[BlackElo "2507"]
[PlyCount "122"]
[EventDate "2021.??.??"]
[EventType "blitz"]

1. e4 e5 2. Nf3 d5 3. exd5 e4 4. Qe2 Nf6 5. Nc3 Be7 6. Nxe4 O-O 7. d3 Qxd5 8.
Bd2 Bg4 9. h3 Bh5 10. g4 Bg6 11. Bg2 Nxe4 12. dxe4 Qxe4 13. Qxe4 Bxe4 14. O-O-O
Bc5 15. Rhf1 Nc6 16. Rde1 Rae8 17. a3 Nd4 18. Nxd4 Bxg2 19. Rg1 Rxe1+ 20. Bxe1
Re8 21. Rxg2 Rxe1+ 22. Kd2 Rh1 23. Nb3 Bd6 24. Nd4 Rxh3 25. Nf5 Rf3 26. Ke2 Rf4
27. Ke3 Rc4 28. c3 g6 29. Nxd6 cxd6 30. f4 Kg7 31. Rd2 Rc6 32. Ke4 h5 33. g5 f6
34. Rd3 fxg5 35. fxg5 Rc5 36. Rxd6 Rxg5 37. Rd7+ Kh6 38. Rxb7 h4 39. Rxa7 h3
40. Ra8 Rh5 41. Kf3 Kg7 42. Ra7+ Kf6 43. Ra6+ Kf7 44. Ra7+ Kf6 45. Ra6+ Kg7 46.
Re6 h2 47. Re7+ Kf6 48. Re1 h1=Q+ 49. Rxh1 Rxh1 50. Ke4 Rb1 51. b4 Rb3 52. Kd5
Rxc3 53. a4 g5 54. a5 g4 55. b5 g3 56. b6 g2 57. b7 Rb3 58. a6 g1=Q 59. Kc4 Qb6
60. a7 Qxb7 61. a8=B Qxa8 {Normal} 0-1

[Event "Rated Blitz tournament A0OromZW"]
[Site "?"]
[Date "2021.06.01"]
[Round "?"]
[White "Arbakov_Valentin"]
[Black "Amurskayakula11"]
[Result "1-0"]
[WhiteElo "2209"]
[BlackElo "2400"]
[PlyCount "139"]
[EventDate "2021.??.??"]
[EventType "blitz"]

1. e4 e5 2. Nf3 d5 3. d4 dxe4 4. Nxe5 Bd6 5. Nc3 Nf6 6. Bc4 O-O 7. O-O Nc6 8.
Nxc6 bxc6 9. Bg5 Bf5 10. h3 Be7 11. Qd2 Nd5 12. Bxe7 Nxe7 13. Rfe1 c5 14. d5 c6
15. d6 Nc8 16. Rad1 Nb6 17. Bf1 Re8 18. Qf4 Bg6 19. g4 Qf6 20. Qxf6 gxf6 21.
Bg2 Rad8 22. Bxe4 Nc4 23. b3 Nxd6 24. Bxg6 hxg6 25. Rxe8+ Rxe8 26. Rxd6 Re1+
27. Kg2 Rc1 28. Ne4 Rxc2 29. Nxf6+ Kf8 30. Rd7 Kg7 31. Ne4 Rxa2 32. Nxc5 Rc2
33. Ne4 Kf8 34. Rxa7 f5 35. Ng5 fxg4 36. hxg4 Ke8 37. Kg3 Rc3+ 38. f3 Rxb3 39.
Ra8+ Kd7 40. Rg8 c5 41. Rxg6 c4 42. Rg7+ Ke8 43. Ne4 c3 44. Rc7 c2 45. Rxc2 Kd8
46. Re2 Kd7 47. g5 Rb5 48. Kg4 Ke8 49. f4 Kf7 50. Nf6 Rb1 51. Rd2 Rg1+ 52. Kf5
Rb1 53. Rd7+ Kf8 54. g6 Rb5+ 55. Rd5 Rb8 56. Kg5 Rb1 57. f5 Rg1+ 58. Kh6 Rh1+
59. Nh5 Ke7 60. f6+ Ke6 61. Ra5 Kd6 62. Ra6+ Ke5 63. f7 Kf5 64. g7 Kg4 65.
g8=Q+ Kf3 66. Ra3+ Kf2 67. Qg3+ Ke2 68. Ra2+ Kd1 69. Qg2 Rh4 70. Qd2# {Normal}
1-0

[Event "Rated Blitz tournament A0OromZW"]
[Site "?"]
[Date "2021.06.01"]
[Round "?"]
[White "Xabarovskaya_ataka"]
[Black "dr_xStranger"]
[Result "0-1"]
[WhiteElo "2452"]
[BlackElo "2453"]
[PlyCount "66"]
[EventDate "2021.??.??"]
[EventType "blitz"]

1. e4 e5 2. Nf3 d5 3. Nxe5 Bd6 4. d4 dxe4 5. Nc4 Nf6 6. Nc3 O-O 7. Bg5 Be7 8.
Qd2 Nc6 9. O-O-O Bf5 10. Be2 Nd5 11. Bxe7 Ncxe7 12. Ne5 f6 13. Nc4 Nxc3 14.
Qxc3 Nd5 15. Qb3 c6 16. Ne3 Be6 17. Bc4 Qd7 18. Bxd5 cxd5 19. Rhg1 f5 20. g3
Rac8 21. Ng2 Bf7 22. h4 Bh5 23. Rd2 Rc6 24. Nf4 Bf7 25. h5 Rfc8 26. c3 b5 27.
Kb1 Rb6 28. a3 a5 29. Rc1 Rcb8 30. Qd1 b4 31. cxb4 axb4 32. a4 b3 33. a5 Qa4 {
Normal} 0-1

[Event "Rated Blitz tournament vZ3FU71I"]
[Site "?"]
[Date "2021.06.01"]
[Round "?"]
[White "borobudur70"]
[Black "Heri72"]
[Result "1-0"]
[WhiteElo "2527"]
[BlackElo "2369"]
[PlyCount "51"]
[EventDate "2021.??.??"]
[EventType "blitz"]

1. e4 e5 2. Nf3 d5 3. exd5 Bd6 4. d4 e4 5. Ne5 Nf6 6. c4 b6 7. Nc3 O-O 8. Bg5
Re8 9. Nc6 Nxc6 10. dxc6 h6 11. Bh4 g5 12. Bg3 e3 13. Be2 exf2+ 14. Bxf2 Ng4
15. Bg1 Qf6 16. Nd5 Qf5 17. Qb1 Re4 18. Nc3 Bb4 19. h3 Nf6 20. Bh2 Bxc3+ 21.
bxc3 Ba6 22. Rf1 Qe6 23. Be5 Qxc4 24. Qxe4 Nxe4 25. Bxc4 Bxc4 26. Rf3 {Normal}
1-0

[Event "Rated Blitz game"]
[Site "?"]
[Date "2021.06.01"]
[Round "?"]
[White "Aram67-Shag"]
[Black "Junior072001"]
[Result "0-1"]
[WhiteElo "2427"]
[BlackElo "2300"]
[PlyCount "90"]
[EventDate "2021.??.??"]
[EventType "blitz"]

1. e4 e5 2. Nf3 d5 3. d4 exd4 4. exd5 Qxd5 5. Qxd4 Nf6 6. Bc4 Qxd4 7. Nxd4 Bc5
8. Nb5 Bb6 9. O-O O-O 10. Be3 a6 11. Nd4 Ng4 12. c3 Nxe3 13. fxe3 Nc6 14. Nd2
Ne5 15. Bb3 Nd3 16. Rab1 Nc5 17. Bc4 Ne6 18. N2b3 Bd7 19. Rbe1 Rae8 20. e4 a5
21. a4 Bxa4 22. Kh1 Bd7 23. e5 a4 24. Nxe6 Bxe6 25. Bxe6 Rxe6 26. Nd4 Bxd4 27.
cxd4 Rd8 28. Rd1 Kf8 29. g3 c5 30. dxc5 Rxd1 31. Rxd1 Rxe5 32. Rd7 Rxc5 33.
Rxb7 Rc2 34. Rb4 Ke7 35. Rb7+ Kf6 36. Rb6+ Kg5 37. Rb4 f5 38. Rxa4 Rxb2 39. Rd4
g6 40. Kg1 h5 41. h3 Re2 42. Kh1 Re4 43. Rd6 h4 44. gxh4+ Rxh4 45. Rxg6+ Kxg6 {
Normal} 0-1

[Event "Rated Blitz game"]
[Site "?"]
[Date "2021.06.01"]
[Round "?"]
[White "idefixfix"]
[Black "DarthZannah"]
[Result "1-0"]
[WhiteElo "2448"]
[BlackElo "2558"]
[PlyCount "63"]
[EventDate "2021.??.??"]
[EventType "blitz"]

1. e4 e5 2. Nf3 d5 3. Nxe5 dxe4 4. d4 Nd7 5. Nxd7 Bxd7 6. Bc4 Bd6 7. Nc3 Nf6 8.
Bg5 O-O 9. Qd2 Re8 10. O-O-O c6 11. Rde1 b5 12. Bb3 a5 13. a4 Bb4 14. Qf4 bxa4
15. Nxa4 Bxe1 16. Rxe1 Be6 17. Bxf6 Qxf6 18. Qxf6 gxf6 19. c4 f5 20. Kc2 Red8
21. Kc3 Kg7 22. Nc5 Kf6 23. g3 Rab8 24. Ba4 Rb4 25. b3 Rb6 26. h4 Kg6 27. Re3
Kh5 28. f3 exf3 29. Rxf3 Kg4 30. Re3 h5 31. Nd3 Rd7 32. Nf2# {Normal} 1-0

[Event "Rated Blitz tournament A0OromZW"]
[Site "?"]
[Date "2021.06.01"]
[Round "?"]
[White "Viktor_Tahirov555"]
[Black "dr_xStranger"]
[Result "0-1"]
[WhiteElo "2452"]
[BlackElo "2432"]
[PlyCount "96"]
[EventDate "2021.??.??"]
[EventType "blitz"]

1. e4 e5 2. Nf3 d5 3. exd5 e4 4. Nd4 Nf6 5. Nb3 Nxd5 6. Nc3 Nxc3 7. dxc3 Qxd1+
8. Kxd1 Nc6 9. Be3 Bg4+ 10. Be2 O-O-O+ 11. Ke1 Bxe2 12. Kxe2 Bd6 13. Rad1 f5
14. g3 h6 15. h4 Rhg8 16. Nd4 Nxd4+ 17. cxd4 g5 18. hxg5 hxg5 19. Bc1 f4 20.
gxf4 gxf4 21. Rdg1 Rde8 22. c4 c6 23. Rxg8 Rxg8 24. Rh6 Bc7 25. Bd2 Re8 26. Bb4
a5 27. Bd6 Bxd6 28. Rxd6 Kc7 29. c5 e3 30. fxe3 Rxe3+ 31. Kd2 a4 32. Rf6 Rf3
33. Rf7+ Kb8 34. Ke2 Re3+ 35. Kf2 Rd3 36. Rxf4 Rd2+ 37. Ke3 Rxb2 38. Kd3 Rxa2
39. Kc4 Ka7 40. Kb4 Ra1 41. Rf3 Ka6 42. Ra3 Rxa3 43. Kxa3 Kb5 44. Kb2 Kc4 45.
Ka3 Kxd4 46. Kxa4 Kxc5 47. Ka5 b5 48. Ka6 b4 {Time forfeit} 0-1

[Event "Rated Blitz game"]
[Site "?"]
[Date "2021.06.01"]
[Round "?"]
[White "Picay"]
[Black "Slimslik02"]
[Result "1-0"]
[WhiteElo "2452"]
[BlackElo "2414"]
[PlyCount "51"]
[EventDate "2021.??.??"]
[EventType "blitz"]

1. e4 e5 2. Nf3 d5 3. Nxe5 Bd6 4. d4 dxe4 5. Bc4 Bxe5 6. Qh5 Qe7 7. dxe5 Be6 8.
Be2 Nc6 9. Nc3 Nd4 10. Bd1 g6 11. Qg5 f5 12. exf6 Nxf6 13. Be3 Nf5 14. O-O
O-O-O 15. Be2 h6 16. Qf4 g5 17. Qe5 Nd7 18. Qxe4 Nxe3 19. Qxe3 Rhe8 20. Rfe1
Kb8 21. Bh5 Nf6 22. Bxe8 Rxe8 23. Rad1 a6 24. Nd5 Nxd5 25. Rxd5 Qb4 26. Re5 {
Normal} 1-0

[Event "Rated Blitz tournament lOu1GmOg"]
[Site "?"]
[Date "2021.06.01"]
[Round "?"]
[White "IvanMarinkovic"]
[Black "Madjrs72"]
[Result "1-0"]
[WhiteElo "2607"]
[BlackElo "2334"]
[PlyCount "81"]
[EventDate "2021.??.??"]
[EventType "blitz"]

1. e4 e5 2. Nf3 d5 3. exd5 e4 4. Qe2 Nf6 5. Nc3 Be7 6. Nxe4 O-O 7. Nxf6+ Bxf6
8. d4 Qxd5 9. Be3 Bf5 10. Qd2 Nd7 11. c4 Qd6 12. Be2 Rfe8 13. O-O Rad8 14. Rfd1
Be4 15. Rac1 Nf8 16. d5 Ng6 17. g3 h5 18. Nd4 h4 19. f3 hxg3 20. fxe4 Rxe4 21.
Nf5 gxh2+ 22. Kh1 Qe5 23. Rf1 Re8 24. Rc3 Nh4 25. Nxh4 Rxe3 26. Rxe3 Qxe3 27.
Qxe3 Rxe3 28. Rxf6 gxf6 29. Bf3 Re1+ 30. Kxh2 Rb1 31. c5 Rxb2+ 32. Kg3 Rxa2 33.
Nf5 Kf8 34. d6 cxd6 35. cxd6 b5 36. Bc6 b4 37. d7 Rd2 38. Kf3 b3 39. Ke3 Rd1
40. Ba4 b2 41. Bxd1 {Normal} 1-0

[Event "Rated Blitz game"]
[Site "?"]
[Date "2021.06.01"]
[Round "?"]
[White "mared2"]
[Black "annaly1979"]
[Result "0-1"]
[WhiteElo "2411"]
[BlackElo "2404"]
[PlyCount "52"]
[EventDate "2021.??.??"]
[EventType "blitz"]

1. e4 e5 2. Nf3 d5 3. exd5 e4 4. Qe2 f5 5. d3 Nf6 6. Bg5 Be7 7. dxe4 fxe4 8.
Bxf6 Bxf6 9. Qxe4+ Kf7 10. Qc4 Re8+ 11. Be2 Bxb2 12. O-O Bxa1 13. Nbd2 Bf6 14.
Bd3 b5 15. Qb3 Qd6 16. Ne4 Rxe4 17. Bxe4 a6 18. Bxh7 Bg4 19. Re1 Nd7 20. Qd3
Kf8 21. Bg6 Bxf3 22. Qxf3 Ne5 23. Qf5 Nxg6 24. Qxg6 Qxd5 25. h4 Qf7 26. Qg4 Re8
{Normal} 0-1

[Event "Rated Blitz tournament A0OromZW"]
[Site "?"]
[Date "2021.06.01"]
[Round "?"]
[White "eagle_eye234"]
[Black "Amurskayakula11"]
[Result "0-1"]
[WhiteElo "2224"]
[BlackElo "2410"]
[PlyCount "58"]
[EventDate "2021.??.??"]
[EventType "blitz"]

1. e4 e5 2. Nf3 d5 3. Nxe5 Bd6 4. d4 dxe4 5. Nc4 Nf6 6. Nxd6+ Qxd6 7. Nc3 O-O
8. Bc4 Nc6 9. Be3 Bg4 10. Be2 Bxe2 11. Nxe2 Qb4+ 12. c3 Qxb2 13. O-O Rad8 14.
Rb1 Qa3 15. Rxb7 Nd5 16. Qc2 f5 17. c4 Nxe3 18. fxe3 Qxe3+ 19. Kh1 Nxd4 20.
Nxd4 Rxd4 21. Rxc7 Rd2 22. Qa4 Qe2 23. Rg1 Kh8 24. Qxa7 Rd1 25. h3 Rxg1+ 26.
Kxg1 Qe1+ 27. Kh2 Qc3 28. Qc5 Qf6 29. Rc8 Qe5+ {Time forfeit} 0-1

[Event "Rated Blitz game"]
[Site "?"]
[Date "2021.06.01"]
[Round "?"]
[White "Sengdorzh"]
[Black "om_gendut"]
[Result "1-0"]
[WhiteElo "2414"]
[BlackElo "2445"]
[PlyCount "123"]
[EventDate "2021.??.??"]
[EventType "blitz"]

1. e4 e5 2. Nf3 d5 3. Nxe5 Bd6 4. d4 dxe4 5. Nc4 Be7 6. Nc3 Nf6 7. Be2 Bf5 8.
g4 Bg6 9. h4 h5 10. g5 Nd5 11. Nxd5 Qxd5 12. Ne5 Nc6 13. Nxg6 fxg6 14. c3 O-O-O
15. Qb3 Qf5 16. Be3 Bd6 17. O-O-O Kb8 18. Ba6 Na5 19. Qb5 Qxb5 20. Bxb5 a6 21.
Bf1 Rhf8 22. Bg2 Rde8 23. b3 Nc6 24. Rdf1 Bf4 25. Kd2 Rf7 26. Ke2 Bd6 27. b4
Ne7 28. Bxe4 Nf5 29. Kd3 Rfe7 30. Bxf5 gxf5 31. Re1 Rd7 32. Bd2 Rg8 33. Re6 Kc8
34. Rhe1 Rdd8 35. Rg6 Rdf8 36. a4 Kd7 37. a5 Rb8 38. c4 b6 39. axb6 cxb6 40.
Ree6 Bc7 41. d5 Rbe8 42. Rxe8 Kxe8 43. c5 bxc5 44. bxc5 Kd7 45. c6+ Kc8 46. d6
Bb6 47. Bf4 Kd8 48. Re6 a5 49. Re7 a4 50. c7+ Kc8 51. d7+ Kb7 52. d8=Q Rxd8+
53. cxd8=Q+ Ka6 54. Qd5 a3 55. Re8 a2 56. Ra8+ Ba7 57. Qc6+ Ka5 58. Rxa7+ Kb4
59. Ra4+ Kb3 60. Qc4+ Kb2 61. Rxa2+ Kb1 62. Qc2# {Normal} 1-0

[Event "Rated Blitz game"]
[Site "?"]
[Date "2021.06.01"]
[Round "?"]
[White "treadstone_71"]
[Black "blastol"]
[Result "0-1"]
[WhiteElo "2331"]
[BlackElo "2400"]
[PlyCount "122"]
[EventDate "2021.??.??"]
[EventType "blitz"]

1. e4 e5 2. Nf3 d5 3. Nxe5 Bd6 4. d4 dxe4 5. Nc4 Nf6 6. Nc3 O-O 7. Bg5 Nc6 8.
Qd2 Bb4 9. d5 Ne7 10. Bxf6 gxf6 11. Ne3 f5 12. a3 Bxc3 13. Qxc3 Nxd5 14. Nxd5
Qxd5 15. Bc4 Qd6 16. Rd1 Qg6 17. O-O f4 18. Kh1 Bg4 19. f3 Bf5 20. Qe5 Rae8 21.
Qxf4 e3 22. Rde1 Bxc2 23. Rxe3 Qd6 24. Qxd6 cxd6 25. Rfe1 Rxe3 26. Rxe3 Rc8 27.
Bb5 Rc7 28. Kg1 a6 29. Bd3 Bxd3 30. Rxd3 Rd7 31. Kf2 d5 32. Ke3 Kf8 33. Kd4 Ke7
34. Rb3 b5 35. a4 bxa4 36. Rb6 Rd6 37. Rb4 Ke6 38. Rxa4 Rb6 39. g4 Kd6 40. h4
h6 41. Ke3 Kc5 42. Kf4 d4 43. Ke4 Rd6 44. Kd3 f6 45. Ra5+ Kb4 46. Rh5 Kb3 47.
Rxh6 Kxb2 48. g5 Rb6 49. Rxf6 Rb3+ 50. Kxd4 a5 51. Ra6 Rb5 52. Kc4 Rf5 53. g6
Rxf3 54. Rxa5 Rf4+ 55. Kd3 Rxh4 56. Rg5 Rh8 57. g7 Rd8+ 58. Ke4 Rg8 59. Kf5 Re8
60. Kf6 Rg8 61. Kf7 Rd8 {Time forfeit} 0-1

[Event "Rated Blitz game"]
[Site "?"]
[Date "2021.06.01"]
[Round "?"]
[White "KoronaVirusMaster"]
[Black "DarthZannah"]
[Result "1-0"]
[WhiteElo "2453"]
[BlackElo "2565"]
[PlyCount "223"]
[EventDate "2021.??.??"]
[EventType "blitz"]

1. e4 e5 2. Nf3 d5 3. exd5 e4 4. Qe2 Nf6 5. Nc3 Be7 6. Nxe4 O-O 7. Nxf6+ Bxf6
8. Qd1 Qxd5 9. Be2 c5 10. d3 Nc6 11. O-O Re8 12. c3 Bf5 13. Be3 b6 14. Qd2 Rad8
15. Rad1 Qxa2 16. Rfe1 Na5 17. Ra1 Qd5 18. Rad1 Qc6 19. Qc1 c4 20. Nd4 Bxd4 21.
cxd4 cxd3 22. Qxc6 Nxc6 23. Bxd3 Bxd3 24. Rxd3 Nxd4 25. Red1 Ne6 26. Kf1 Kf8
27. Rd7 Rxd7 28. Rxd7 Re7 29. Rd5 Ke8 30. b4 Rd7 31. Re5 Ke7 32. f4 Kd6 33. Ke2
Kc6 34. b5+ Kc7 35. Re4 Rd5 36. g4 Rxb5 37. f5 Rb2+ 38. Kf3 Nd8 39. Re7+ Kc6
40. Rxa7 Rxh2 41. Ra8 Nb7 42. Rc8+ Kb5 43. Rc7 Nd6 44. Bf4 Rh3+ 45. Ke2 Ne4 46.
Rxf7 g6 47. f6 Rh4 48. Re7 Nxf6 49. Bg5 Rxg4 50. Bxf6 h5 51. Kf3 Kc4 52. Rc7+
Kd5 53. Rb7 Kc6 54. Rg7 b5 55. Ke3 b4 56. Bd4 Kd5 57. Rd7+ Kc4 58. Rc7+ Kb3 59.
Rb7 Kc4 60. Rc7+ Kb3 61. Rb7 Rg3+ 62. Kd2 Rg2+ 63. Kd3 Rg3+ 64. Be3 Ka3 65.
Ra7+ Kb2 66. Ke4 b3 67. Bd4+ Kc2 68. Rc7+ Kd2 69. Rb7 h4 70. Be5 Rd3 71. Rb6 g5
72. Rb5 Re3+ 73. Kf5 Re2 74. Bf6 h3 75. Rxb3 h2 76. Rh3 Rg2 77. Bxg5+ Ke2 78.
Bf4 Kf2 79. Bxh2 Rg8 80. Bf4 Rf8+ 81. Kg4 Rg8+ 82. Bg5 Ke2 83. Re3+ Kf2 84. Rb3
Ke2 85. Kf5 Rf8+ 86. Bf6 Kd2 87. Rh3 Ke2 88. Ke5 Re8+ 89. Kd5 Kd2 90. Be5 Ke2
91. Ke4 Kd2 92. Rh2+ Kc1 93. Kd4 Rd8+ 94. Kc4 Rc8+ 95. Kd3 Kb1 96. Rb2+ Kc1 97.
Rg2 Kb1 98. Bc3 Rd8+ 99. Bd4 Rc8 100. Rb2+ Kc1 101. Ra2 Rb8 102. Ra1+ Rb1 103.
Ra2 Rb3+ 104. Bc3 Rb8 105. Ra1+ Rb1 106. Ra7 Rb8 107. Ra6 Rd8+ 108. Bd4 Rb8
109. Rc6+ Kd1 110. Rg6 Re8 111. Rg2 Ke1 112. Rg1# {Normal} 1-0

[Event "Rated Blitz tournament A0OromZW"]
[Site "?"]
[Date "2021.06.01"]
[Round "?"]
[White "salviogrecoverdoni"]
[Black "dr_xStranger"]
[Result "0-1"]
[WhiteElo "2480"]
[BlackElo "2514"]
[PlyCount "36"]
[EventDate "2021.??.??"]
[EventType "blitz"]

1. e4 e5 2. Nf3 d5 3. exd5 e4 4. Qe2 Nf6 5. d3 Bb4+ 6. Bd2 O-O 7. dxe4 Re8 8.
e5 Nxd5 9. c3 Bc5 10. h3 Nc6 11. Na3 Bxa3 12. bxa3 Qe7 13. c4 Nb6 14. Bc3 Qxa3
15. Qb2 Qxb2 16. Bxb2 Na4 17. O-O-O Be6 18. Ba1 Na5 {Normal} 0-1

[Event "Rated Blitz game"]
[Site "?"]
[Date "2021.06.01"]
[Round "?"]
[White "Lipsrow4"]
[Black "Schachelite"]
[Result "1/2-1/2"]
[WhiteElo "2406"]
[BlackElo "2472"]
[PlyCount "83"]
[EventDate "2021.??.??"]
[EventType "blitz"]

1. e4 e5 2. Nf3 d5 3. Nxe5 Bd6 4. d4 dxe4 5. Nc4 Nf6 6. Nxd6+ Qxd6 7. Be2 Nc6
8. Be3 O-O 9. O-O Rd8 10. c3 b6 11. Nd2 Bb7 12. Qc2 Re8 13. Nc4 Qe6 14. h3 Nd5
15. a4 f5 16. Qd2 Rf8 17. f4 exf3 18. Bxf3 Nxe3 19. Nxe3 Na5 20. Bxb7 Nxb7 21.
Rae1 Qd7 22. Qd3 Nd6 23. Kh1 Rae8 24. Nc4 Rxe1 25. Rxe1 Ne4 26. Qf3 Qxa4 27.
Ne5 Qc2 28. Nd7 Rd8 29. Ne5 Qxb2 30. Rxe4 Qb1+ 31. Re1 Qxe1+ 32. Kh2 Qe4 33.
Qh5 Qf4+ 34. Kh1 Rf8 35. Nd7 g6 36. Qe2 Rf7 37. Qe8+ Kg7 38. Ne5 Qf1+ 39. Kh2
Qf4+ 40. Kh1 Qf1+ 41. Kh2 Qf4+ 42. Kh1 {Normal} 1/2-1/2

[Event "Rated Blitz game"]
[Site "?"]
[Date "2021.06.01"]
[Round "?"]
[White "G0DZILLA"]
[Black "Schachelite"]
[Result "1-0"]
[WhiteElo "2552"]
[BlackElo "2476"]
[PlyCount "123"]
[EventDate "2021.??.??"]
[EventType "blitz"]

1. e4 e5 2. Nf3 d5 3. Nxe5 Bd6 4. d4 dxe4 5. Nc4 Nf6 6. Nc3 O-O 7. Bg5 Be7 8.
Be2 Nc6 9. Be3 Be6 10. Qd2 Qd7 11. h3 Rad8 12. O-O-O a6 13. Kb1 b5 14. Ne5 Nxe5
15. dxe5 Qxd2 16. Rxd2 Nd5 17. Nxd5 Bxd5 18. Rhd1 c6 19. Bg4 Rfe8 20. c3 g6 21.
b3 Be6 22. Bxe6 fxe6 23. Rd7 Kf8 24. Bh6+ Kf7 25. Bg5 Rxd7 26. Rxd7 Kf8 27.
Bxe7+ Rxe7 28. Rxe7 Kxe7 29. Kc2 e3 30. f4 Kf7 31. g4 h6 32. Kd3 g5 33. f5 exf5
34. gxf5 h5 35. Kxe3 Ke7 36. Kf3 c5 37. Ke4 Kd7 38. Kd5 Ke7 39. e6 c4 40. bxc4
bxc4 41. Ke5 h4 42. f6+ Kf8 43. Kf5 Ke8 44. Kxg5 Kd8 45. Kxh4 Kc7 46. Kg5 Kd6
47. e7 Kd7 48. Kg6 Ke8 49. h4 Kd7 50. Kf7 Kd6 51. e8=Q Kc5 52. Qe5+ Kb6 53.
Qd4+ Ka5 54. Qxc4 Kb6 55. Qd5 a5 56. h5 a4 57. h6 a3 58. h7 Kc7 59. h8=Q Kb6
60. Qhd8+ Ka7 61. Q5a5+ Kb7 62. Qab6# {Normal} 1-0

[Event "Rated Blitz game"]
[Site "?"]
[Date "2021.06.01"]
[Round "?"]
[White "Nephelim96"]
[Black "Razario90"]
[Result "0-1"]
[WhiteElo "2309"]
[BlackElo "2419"]
[PlyCount "44"]
[EventDate "2021.??.??"]
[EventType "blitz"]

1. e4 e5 2. Nf3 d5 3. exd5 e4 4. Nd4 Qxd5 5. Ne2 Nf6 6. Nbc3 Qe5 7. d4 exd3 8.
Qxd3 Bf5 9. Qf3 Nc6 10. Bf4 Qc5 11. O-O-O Bd6 12. Bxd6 cxd6 13. Ng3 Bg4 14.
Re1+ Ne5 15. Qxb7 O-O 16. f4 Qf2 17. Ba6 Rab8 18. Qc7 Qxf4+ 19. Kb1 Qb4 20. b3
Rfc8 21. Nd5 Nxd5 22. Bxc8 Nxc7 {Time forfeit} 0-1

[Event "Rated Blitz game"]
[Site "?"]
[Date "2021.05.31"]
[Round "?"]
[White "AvengersWarriors777"]
[Black "dr_xStranger"]
[Result "0-1"]
[WhiteElo "2370"]
[BlackElo "2427"]
[PlyCount "152"]
[EventDate "2021.??.??"]
[EventType "blitz"]

1. e4 e5 2. Nf3 d5 3. exd5 e4 4. Qe2 Nf6 5. d3 Bb4+ 6. c3 O-O 7. dxe4 Bc5 8.
Bg5 Re8 9. Nbd2 c6 10. O-O-O cxd5 11. Nb3 Be7 12. exd5 h6 13. Bh4 Bg4 14. d6
Bf8 15. Bxf6 gxf6 16. Qc4 Be6 17. Qh4 Nd7 18. Bd3 Ne5 19. Bc2 Bg7 20. Rhe1 Nxf3
21. gxf3 f5 22. Qg3 Qg5+ 23. Qxg5 hxg5 24. Rg1 Kf8 25. Kb1 Bf6 26. d7 Red8 27.
Nc5 b6 28. Nxe6+ fxe6 29. Bb3 Ke7 30. Rde1 e5 31. Ba4 a6 32. h4 gxh4 33. f4 e4
34. f3 b5 35. Bb3 Kxd7 36. fxe4 fxe4 37. Rxe4 Re8 38. Rd1+ Kc7 39. Re6 Rxe6 40.
Bxe6 Re8 41. Bf5 Re3 42. Rd7+ Kc6 43. Rh7 Kd6 44. Ra7 Be7 45. Rxa6+ Kc7 46. Rh6
Rf3 47. Rh7 Kd6 48. Rh6+ Kc7 49. Rh7 Re3 50. Kc2 Kd6 51. Rh6+ Kc7 52. Bd3 h3
53. Rh7 Kd6 54. Kd2 Rg3 55. Bxb5 Rg2+ 56. Be2 h2 57. Ke3 Ke6 58. Kf3 Rg1 59.
Rxh2 Rb1 60. Ke3 Bc5+ 61. Kd3 Kf6 62. b3 Rb2 63. Rg2 Bd6 64. Kc4 Bxf4 65. Rg4
Kf5 66. Bd3+ Kxg4 67. a4 Kg5 68. b4 Kf6 69. a5 Ke7 70. Kb5 Kd8 71. c4 Be3 72.
c5 Kc7 73. Bc4 Bd2 74. Bd5 Rxb4+ 75. Ka6 Ra4 76. Bb7 Rxa5# {Normal} 0-1